000 00424nam a2200193Ia 4500
003 0100
008 130227s9999 xx 000 0 und d
040 _cARRUPELIB
050 _aB1647.M74D184
100 _aDaniel,David MIlls
245 _aMoore's Principia ethica
260 _aLondon
260 _bSCM Press
260 _C2007
300 _aviii
300 _b 120p. 20cm.
440 _aBRIEFLY
942 _2lcc
_01
999 _c5859
_d5859